000
00228nam a2200097Ia 4500
005
20251222114358.0
008
251222s1900||||xx |||||||||||||| ||spa||
082
_a
DVD0040/P48M/1989
245
0
_a
La historia sin fin II
942
_c
DVD
999
_c
1536
_d
1536